000 00946nam a2200265 a 4500
001 22726
003 BD-RjUL
005 20211209000837.0
008 140309s1952 enk 000 0 eng u
035 _a04-02605
035 _a(BD-RjUL)22791
040 _aKSU
_dm.c
_beng
_cBD-RjUL
041 _aeng
082 _a823.4
_bBUP
100 1 _aBunyan, John,
_d1628-1688.
_970106
245 1 4 _aThe pilgrim's progress /
_cby John Bunyan ; illustrated with 25 drawings on wood by George Cruickshank from the collection of Edwin Truman ; with biographical introduction and indexes
260 _aLondon ;
_aNew York :
_bH. Frowde,
_c1952.
300 _axlvi, 382 p. :
_bill. ;
_c26 cm
500 _a"One thousand copies have been printed of this edition."
650 _aChristian pilgrims and pilgrimages -- Fiction.
_968989
700 1 _aCruikshank, George,
_d1792-1878.
_962684
942 _2ddc
_cBK
999 _c22726
_d22726